| 000 | 00463nam a22001457a 4500 | ||
|---|---|---|---|
| 020 | _qHB. | ||
| 040 | _cFIZZA ISHAQ | ||
| 082 |
_a423 _bMOR |
||
| 100 |
_a Morris , William. _933476 |
||
| 245 |
_aAmerican heritage dictionary of the English language / _c William Morris. |
||
| 250 | _a First Edition. | ||
| 260 |
_aNew York: _bAmerican Heritage Publishing Co./ Houghton Mifflin, _c1969. |
||
| 300 |
_aL ; 1550 P. ; _c11.1 x 8.2 x 2.2 inches, |
||
| 942 |
_2ddc _cBK |
||
| 999 |
_c617299 _d617299 |
||